000 00665nam a2200241Ia 4500
003 OSt
005 20220918223449.0
006 a|||||r|||| 00| 0
007 ta
008 220917b |||||||| |||| 00| 0 eng d
024 _a222,850
037 _cTextual
040 _aARTS
_cARTS
_beng
041 _2eng
_aeng
082 _aO111:g(Y15), N3
100 _aSpivak Gayatri Chakravorty
_924231
245 0 _aOutside in the teaching machine
260 _aNew York
_bRoutledge
_c1993
300 _ax, 335p
_ccm.
650 _aENGLISH LITERATURE
942 _hO111:g(Y15), N3
_cTEXL
_2CC
999 _c278578
_d278578